Statistiques concernant Ce mot existe-t-il ?

Cliquez ici pour prendre le quiz!

Statistiques générales

  • Ce quiz a été pris 35 fois
  • Le résultat moyen est 16 sur 26

Statistiques - réponses

QuestionRéponse% Correct
Une Véhémence (Non commun)Oui
91%
Mécliard (Adjectif)Non
78%
Yodler (Verbe)Oui
78%
Une Intrication (Nom commun)Oui
75%
Une Dépalotte (Nom commun)Non
72%
Un Herméneute (Nom commun)Oui
72%
Baguenauder (Verbe)Oui
69%
Lagéniforme (Adjectif)Oui
69%
Un Noilet (Non Commun)Non
63%
Un Cactérié (Nom commun)Non
63%
Envirader (Verbe)Non
63%
Quasarier (Verbe)Non
63%
Zinzinuler (Verbe)Oui
63%
Rilloné (adjectif)Non
59%
Ulratéen (Adjectif)Non
59%
Gouleurd (Adjectif)Non
59%
Jaliner (Verbe)Non
56%
Scionner (Verbe)Oui
53%
Une Tripodie (Non commun)Oui
53%
Un Winch (Non commun)Oui
53%
Un Frontispice (Nom commun)Oui
53%
Une orseille (Non Commun)Oui
50%
Un Andabate (Nom commun)Oui
50%
Une Perdilume (Non commun)Non
47%
Un Kymographe (Nom commun)Oui
41%
Un Xylomène (Non commun)Non
28%

Distribution des résultats

Percentile par nombre de réponses

% des personnes avec chaque résultat

Votre développement - résultats

Vous n’avez pas pris ce quiz